| 000 | 00345nam a2200097Ia 4500 | ||
|---|---|---|---|
| 008 | 180130s9999 xx 000 0 und d | ||
| 245 |
_cZheng, Feng; Kaiser, Thomas _aA space-time coding approach for RFID MIMO systems |
||
| 260 | _c2016 | ||
| 300 | _aBook title: Embedded system design--Acession number C20733; pages 26-35 | ||
| 650 | _aSYSTEM DESIGN | ||
| 999 |
_c354351 _d354351 |
||